Datum a čas kvízu
33
Celkem bodů
Celkový počet nahraných bodů na tomto kvízu bez doplňovacích otázek.
3.
Pořadí na kvízu
Konečné umístění týmu na tomto kvízu.
Zaznamenané odpovědi
| # | Otázka | Odpověď | Body | Výsledky |
|---|---|---|---|---|
| 1. | Pražská soukromá vysoká škola... | je online | 1 | |
| 2. | V pondělí večer byl v jednom i... | Janov | 1 | |
| 3. | Minulý týden byl odhalen trail... | Bábovky | 0 | |
| 4. | Jedna z německých automobilek... | Audi | 1 | |
| 5. | Jak se jmenuje čerstvý držitel... | Tomáš Souček | 1 | |
| 6. | Historie kulečníkových her sah... | slonovina | 1 | |
| 7. | Kulečník, nebo také biliár (z... | pool | 1 | |
| 8. | Osmička (Eight-ball) se hraje... | A | 1 | |
| 9. | Nyní vám pustíme ukázku ze ser... | karambol | 1 | |
| 10. | Barva peněz je snímek z roku 1... | Tom Cruise | 0 |